Missing Word: Album by Artist III Quiz Stats

 Plays Quiz Updated Mar 8, 2016

Challenge
Share
Tweet
Embed
Score 0/20 Timer 02:00
0 Plays Today
Artist Missing Word % Correct
U2Joshua
79.3%
U2Atomic
77.1%
U2Behind
61.9%
U2Achtung
50.4%
Bob DylanRevisited
46.4%
Bob DylanBlood
37.3%
Kanye WestDropout
37.1%
R.E.M.Automatic
32.6%
R.E.M.Time
32.1%
Kanye WestLate
28.3%
Artist Missing Word % Correct
Kanye WestTwisted
26.9%
Kanye WestHeartbreak
22.9%
U2Unforgettable
20.1%
Kanye WestThrone
16.4%
R.E.M.Adventures
16.2%
Bob DylanNashville
14.7%
R.E.M.Pageant
14.1%
Bob DylanFreewheelin'
13.3%
R.E.M.Reconstruction
10.5%
Bob DylanTheft
8.1%

Today's Daily Dose

You're not logged in!

Compare scores with friends on all Sporcle quizzes.
OR
Log In

You Might Also Like...

Show Comments

Extras

Top Quizzes Today


Score Distribution

Your Account Isn't Verified!

In order to create a playlist on Sporcle, you need to verify the email address you used during registration. Go to your Sporcle Settings to finish the process.

Report this User

Report this user for behavior that violates our Community Guidelines.

Details: